000 00862nam a22002175i 4500
001 178648
003 ES-MaACL
005 20230906220559.0
008 110609s1971 sp |||| | spa d
080 _a577.15
080 _a616.127-005.8
100 1 _aPérez Guerra, Emilio.
_9147073
245 1 0 _aEnzimas séricas e infarto de miocardio /
_cresumen de la tesis presentada para aspirar al grado de doctor en medicina por Emilio Pérez Guerra.
260 _aBarcelona :
_bUniversidad de Barcelona, Secretariado de Publicaciones, Intercambio Científico y Extensión Universitaria :
_bIvern,
_c1971.
300 _a13 p. ;
_c24 cm.
500 _aCub. tomada como port.
650 0 4 _aEnzimología clínica.
_9147006
650 0 4 _aInfarto de miocardio.
_913749
710 2 _aUniversidad de Barcelona.
_97141
852 _aES-MaACL
_jE-15361 (54)
_xOlim P-1374
999 _c178648
_d178648